header

Calculus / (Record no. 251439)

MARC details
000 -LEADER
fixed length control field 00834pam a2200265 a 4500
001 - CONTROL NUMBER
control field 2524446
003 - CONTROL NUMBER IDENTIFIER
control field OSt
005 - DATE AND TIME OF LATEST TRANSACTION
control field 20151120123313.0
008 - FIXED-LENGTH DATA ELEMENTS--GENERAL INFORMATION
fixed length control field 930812s1994 ilua 001 0 eng
010 ## - LIBRARY OF CONGRESS CONTROL NUMBER
LC control number 93032071
020 ## - INTERNATIONAL STANDARD BOOK NUMBER
International Standard Book Number 006043046X
040 ## - CATALOGING SOURCE
Original cataloging agency DLC
Transcribing agency DLC
Modifying agency DLC
050 00 - LIBRARY OF CONGRESS CALL NUMBER
Classification number QA303
Item number .H8513 1994
082 00 - DEWEY DECIMAL CLASSIFICATION NUMBER
Classification number 515
Edition number 20
100 1# - MAIN ENTRY--PERSONAL NAME
Personal name Hunt, Richard A.,
Dates associated with a name 1937-
245 10 - TITLE STATEMENT
Title Calculus /
Statement of responsibility, etc Richard A. Hunt.
250 ## - EDITION STATEMENT
Edition statement 2nd ed.
260 ## - PUBLICATION, DISTRIBUTION, ETC. (IMPRINT)
Place of publication, distribution, etc New York, NY :
Name of publisher, distributor, etc HarperCollins College Publishers,
Date of publication, distribution, etc c1994.
300 ## - PHYSICAL DESCRIPTION
Extent xviii, 1092, 65, 8 p. :
Other physical details ill. (some col.) ;
Dimensions 26 cm.
500 ## - GENERAL NOTE
General note Includes index.
650 #0 - SUBJECT ADDED ENTRY--TOPICAL TERM
Topical term or geographic name as entry element Calculus.
906 ## - LOCAL DATA ELEMENT F, LDF (RLIN)
a 7
b cbc
c orignew
d 1
e ocip
f 19
g y-gencatlg
942 ## - ADDED ENTRY ELEMENTS (KOHA)
Source of classification or shelving scheme Library of Congress Classification
Koha item type Long Loan Books
Holdings
Withdrawn status Lost status Source of classification or shelving scheme Damaged status Not for loan Home library Current library Shelving location Date acquired Total Checkouts Total Renewals Full call number Barcode Date last seen Date checked out Price effective from Koha item type Collection code
    Library of Congress Classification     Rongo University Library Rongo University Library General Stacks 20/11/2015 24 3 QA303 .H8513 1994 20154785 08/04/2019 27/03/2019 20/11/2015 Long Loan Books  
    Library of Congress Classification     Rongo University Library Rongo University Library General Stacks 09/03/2016 26   QA303 .H8513 1994 201610851 14/10/2025 30/09/2025 09/03/2016 Long Loan Books Non-fiction

© 2026 Rongo University
Contact us: librarian | system librarian | Rongo university